The evidence of unusual melts from melt inclusions in pocket quartz of the Oktyabrskaya pegmatite Mine Malkhan Ridge, Central Transbaikalia

Elmentve itt :
Bibliográfiai részletek
Szerzők: Smirnov S. Z.
Peretyazhko I. S.
Zagorsky V. Ye
Mikhailo M. Yu
Dokumentumtípus: Cikk
Megjelent: Department of Mineralogy, Geochemistry and Petrology, University of Szeged Szeged 2003
Sorozat:Acta mineralogica-petrographica 2
Acta mineralogica-petrographica : abstract series 2
Kulcsszavak:Földtan, Ásványtan, Kőzettan
Tárgyszavak:
Online Access:http://acta.bibl.u-szeged.hu/31525
LEADER 01097nab a2200253 i 4500
001 acta31525
005 20260212145242.0
008 161017s2003 hu o 000 eng d
022 |a 0324-6523, 1589-4835 
040 |a SZTE Egyetemi Kiadványok Repozitórium  |b hun 
041 |a eng 
100 1 |a Smirnov S. Z. 
245 1 4 |a The evidence of unusual melts from melt inclusions in pocket quartz of the Oktyabrskaya pegmatite Mine Malkhan Ridge, Central Transbaikalia  |h [elektronikus dokumentum] /  |c  Smirnov S. Z. 
260 |a Department of Mineralogy, Geochemistry and Petrology, University of Szeged  |b Szeged  |c 2003 
300 |a 188-189 
490 0 |a Acta mineralogica-petrographica  |v 2 
490 0 |a Acta mineralogica-petrographica : abstract series  |v 2 
650 4 |a Természettudományok 
650 4 |a Föld- és kapcsolódó környezettudományok 
695 |a Földtan, Ásványtan, Kőzettan 
700 0 1 |a Peretyazhko I. S.  |e aut 
700 0 1 |a Zagorsky V. Ye.  |e aut 
700 0 1 |a Mikhailo M. Yu.  |e aut 
856 4 0 |u http://acta.bibl.u-szeged.hu/31525/1/mineralogica_as_002_188-189.pdf  |z Dokumentum-elérés